Problems and effects of a developing countries tariff concession round on south - south trade

Salvato in:
Dettagli Bibliografici
Autore principale: Langhammer, Rolf J.
Natura: Libro
Lingua:inglese
Pubblicazione: Kiel Institut für Weltwirtschaft 1983
Serie:Working Paper No. 167
Tags: Aggiungi Tag
Nessun Tag, puoi essere il primo ad aggiungerne!!

MARC

LEADER 00000nam a2200000 4500
001 c111651
005 20181203150320.3
041 0 |a eng 
044 |a DE 
245 1 0 |a Problems and effects of a developing countries tariff concession round on south - south trade  |c Rolf J. Langhammer 
264 1 |a Kiel  |b Institut für Weltwirtschaft  |c 1983 
300 |a 47 s. 
490 1 |a Working Paper  |v No. 167 
830 0 |a Working Paper  |v No. 167 
100 1 |a Langhammer, Rolf J.